=LDR 00000nam 2200000 4500 =001 INLIS000000000003819 =005 20130612092125 =008 ***********************************Ind** =035 ##$$0010-061300000003819 =041 ##$$a Ind =082 ##$$a 511 =090 ##$$a 511, Pal h =100 ##$$a Paling, D =245 ##$$a Hubungan dan grafik, matematika gaya baru untuk guru dan orang tua, D.Paling =260 ##$$a 1977 $b Jakarta =300 ##$$a 44 hlm., ilus., 21 cm =650 ##$$a Matematika =850 ##$$a NBPNMAT